[Event "BIH CFFBH-chT2"]
[Site "Cazin"]
[Date "2009.06.29"]
[Round "4"]
[White "Djuric, Nebojsa"]
[Black "Lisica, Alan"]
[Result "1/2-1/2"]
[WhiteElo "2194"]
[BlackElo "2276"]
[PlyCount "49"]
[EventDate "2009.06.27"]
[EventType "team-tourn"]
[EventRounds "9"]
[EventCountry "BIH"]
[SourceTitle "EXT 2019"]
[Source "ChessBase"]
[SourceDate "2018.10.10"]
[SourceVersion "1"]
[SourceVersionDate "2018.10.10"]
[SourceQuality "1"]

1. e4 g6 2. d4 Bg7 3. Nc3 d6 4. f4 Nc6 5. Nf3 Bg4 6. Be3 e5 7. Bb5 exd4 8. Bxd4 Nf6 9. h3 Bd7 10. Bf2 0-0 11. 0-0 Nh5 12. Qd2 Bh6 13. Be3 a6 14. Bc4 b5 15. Bd5 Nf6 16. e5 Nxd5 17. Nxd5 Bg7 18. exd6 cxd6 19. c3 Be6 20. Rad1 Ne7 21. Nxe7+ Qxe7 22. b3 Bf5 23. Bd4 Bh6 24. Rfe1 Qb7 25. Bf6 1/2-1/2